00561nam a22001697a 450000500170000001000130001702000100003003500130004003700140005308200110006710000260007824501230010424600890022726000380031627000120035430000250036620200127114053.0 aA-688137 c45.00 aA-688137 bBPPD/Pub. a843.08 aفہمیدہ کبیر aاردو ناول میں عورت کا تصور : نزیر احمد سے پریم چند تک /cفہمیدہ کبیر aUrdu Novel Mein Aurat Ka Tasawwar: Nazir Ahmed se Prem Chand Tak /bby Fehmida Kabir aNew DelhibMaktaba Jamiac1992 ء a-b-e- a147p.c22cm(Hb)